Music Quiz

Random Music or Artist Quiz

Rolling Stone's 50 Best Songs of 2012 Quiz Stats

 Plays Quiz not verified by Sporcle

Score 0/50 Timer 12:00
0 Plays Today
Number Song % Correct
50Call Me Maybe
70.5%
25Gangnam Style
69.2%
2We Are Never Ever Getting Back Together
60.3%
11Some Nights
59%
27Ho Hey
59%
46Payphone
55.1%
13I Will Wait
47.4%
6Mercy
37.2%
37Madness
35.9%
44Glad You Came
35.9%
1Hold On
34.6%
34Swimming Pools (Drank)
32.1%
15Climax
29.5%
4Thinkin Bout You
28.2%
35I Love It
28.2%
3Take a Walk
24.4%
33Adorn
23.1%
32We Take Care Of Our Own
21.8%
22Bangarang
20.5%
28Oblivion
20.5%
8Sixteen Saltines
19.2%
26Goldie
17.9%
29Yet Again
16.7%
24The House That Heaven Built
14.1%
14Teenage Icon
10.3%
Number Song % Correct
18Doom and Gloom
10.3%
49Merry Go Round
10.3%
19Other People
7.7%
7Rocky Ground
6.4%
41Grown Up
6.4%
48The Veldt
6.4%
10Emmylou
5.1%
17Okay Cupid
3.8%
45Die in Your Arms
3.8%
5Ramada Inn
2.6%
12Hot Knife
2.6%
20Going Home
2.6%
30That's Why God Made the Radio
2.6%
31Boozophilia
2.6%
40Rented Room
2.6%
42Bear Hug
2.6%
43All of Me
2.6%
47This Summer
2.6%
9Pay in Blood
1.3%
16Stay Frosty
1.3%
21Weather in My Head
1.3%
23I'm Dreaming
1.3%
36Womyn
1.3%
38Better
1.3%
39A Heart Like Mine
1.3%

You're not logged in!

Compare scores with friends on all Sporcle quizzes.
OR
Log In

Show Comments

Extras

Top Quizzes Today


Score Distribution

Your Account Isn't Verified!

In order to create a playlist on Sporcle, you need to verify the email address you used during registration. Go to your Sporcle Settings to finish the process.

Report this User

Report this user for behavior that violates our Community Guidelines.

Details: